| 000 | 00835nam a2200253 a 4500 | ||
|---|---|---|---|
| 003 | MX-MxUPN | ||
| 005 | 20241012063745.0 | ||
| 008 | 191122t1991 mx r 000 0 spa d | ||
| 020 | _a9684265492 | ||
| 035 | _aUPN01000234192 | ||
| 040 |
_aMX-MxUPN _bspa _cMX-MxUPN |
||
| 041 | 0 | _aspa | |
| 050 | 1 | 4 |
_aRC469 _bS3.5 |
| 100 | 1 |
_aSalama Penhos, Héctor _934272 |
|
| 245 | 1 | 0 |
_aManual de psicodiagnóstico, intervención y supervisión para psicoterapeutas / _cHéctor Salama P., Celedonio Castanedo S. |
| 260 |
_aMéxico, D.F. : _bManual Moderno, _c©1991. |
||
| 300 | _a128 páginas | ||
| 650 | 4 |
_aPsicodiagnóstico _vManuales _945663 |
|
| 650 | 4 |
_aPsicología Gestalt _vManuales _945664 |
|
| 650 | 4 |
_aPsicoterapia _98720 |
|
| 700 | 1 |
_aCastanedo Secadas, Celedonio, _d1935- _932043, _ecoaut. |
|
| 905 | _aLibro | ||
| 999 |
_c206287 _d206287 |
||